বাংলাদেশের স্বাধীনতা যুদ্ধে আগরতলা-ত্রিপুরা : (Record no. 75938)
[ view plain ]
| 000 -LEADER | |
|---|---|
| fixed length control field | 01832cam a2200373 a 4500 |
| 001 - CONTROL NUMBER | |
| control field | 75938 |
| 003 - CONTROL NUMBER IDENTIFIER | |
| rucl marc code | BD-RjUL |
| 005 - DATE AND TIME OF LATEST TRANSACTION | |
| control field | 20211209082750.0 |
| 008 - FIXED-LENGTH DATA ELEMENTS--GENERAL INFORMATION | |
| fixed length control field | 190919s2013 bg a 001 0 benod |
| 020 ## - INTERNATIONAL STANDARD BOOK NUMBER | |
| International Standard Book Number | 9848519009 |
| 025 ## - OVERSEAS ACQUISITION NUMBER | |
| Overseas acquisition number | B-B-2008-319178; 21 |
| 035 ## - SYSTEM CONTROL NUMBER | |
| System control number | (BD-RjUL)76157 |
| 040 ## - CATALOGING SOURCE | |
| Original cataloging agency | DLC |
| Transcribing agency | DLC |
| Language of cataloging | eng |
| 041 ## - LANGUAGE CODE | |
| Language code of text/sound track or separate title | eng |
| 042 ## - AUTHENTICATION CODE | |
| Authentication code | lcode |
| 043 ## - GEOGRAPHIC AREA CODE | |
| Geographic area code | a-bg--- |
| 082 ## - DEWEY DECIMAL CLASSIFICATION NUMBER | |
| Edition number | 22 |
| Classification number | 954.9205 |
| Author mark and year | BAN 2013 |
| 245 00 - TITLE STATEMENT | |
| Title | বাংলাদেশের স্বাধীনতা যুদ্ধে আগরতলা-ত্রিপুরা : |
| Remainder of title | দলিলপত্র / |
| Statement of responsibility, etc. | সংগ্রহ, সংকলন সুকুমার বিশ্বাস, সম্পাদনা |
| 250 ## - EDITION STATEMENT | |
| Edition statement | তৃতীয় সং. |
| 260 ## - PUBLICATION, DISTRIBUTION, ETC. (IMPRINT) | |
| Place of publication, distribution, etc. | ঢাকা : |
| Name of publisher, distributor, etc. | ইত্যাদি গ্রন্থ প্রকাশ, |
| Date of publication, distribution, etc. | ২০১৩. |
| 300 ## - PHYSICAL DESCRIPTION | |
| Pagination | ১১০৪ পৃ. : |
| Illustrations | চিত্র ; |
| Size | ২৩ সেমি. |
| 520 ## - SUMMARY, ETC. | |
| Summary, etc. | Collection of press reports and personal narratives about the role of Agartala and Tripura, India in the freedom struggle of Bangladesh in 1971. |
| 651 #0 - SUBJECT ADDED ENTRY--GEOGRAPHIC NAME | |
| Geographic name | Bangladesh |
| General subdivision | History |
| Chronological subdivision | Revolution, 1971 |
| Form subdivision | Sources. |
| 9 (RLIN) | 233038 |
| Geographic name | Bangladesh |
| General subdivision | History |
| Chronological subdivision | Revolution, 1971 |
| General subdivision | Press coverage |
| Geographic subdivision | India |
| -- | Tripura. |
| 9 (RLIN) | 233039 |
| Geographic name | Bangladesh |
| General subdivision | History |
| Chronological subdivision | Revolution, 1971 |
| General subdivision | Press coverage |
| Geographic subdivision | India |
| -- | Agartala. |
| 9 (RLIN) | 233040 |
| Geographic name | Bangladesh |
| General subdivision | History |
| Chronological subdivision | Revolution, 1971 |
| Form subdivision | Personal narratives. |
| 9 (RLIN) | 233041 |
| Geographic name | India-Pakistan Conflict, 1971. |
| 9 (RLIN) | 233042 |
| Geographic name | বাংলাদেশ |
| General subdivision | ইতিহাস |
| Chronological subdivision | স্বাধীনতা যুদ্ধ, ১৯৭১ |
| Form subdivision | দলিলপত্র |
| 9 (RLIN) | 233046 |
| 700 1# - ADDED ENTRY--PERSONAL NAME | |
| Personal name | বিশ্বাস, সুকুমার |
| Dates associated with a name | ১৯৪৫- |
| 942 ## - ADDED ENTRY ELEMENTS (KOHA) | |
| Source of classification or shelving scheme | Dewey Decimal Classification |
| Koha item type | Books |
| Lost status | Source of classification or shelving scheme | Damaged status | Not for loan | Permanent Location | Current Location | Shelving location | Date acquired | Source of acquisition | Cost, normal purchase price | Total Checkouts | Full call number | Date last seen | Copy number | Koha item type |
|---|---|---|---|---|---|---|---|---|---|---|---|---|---|---|
| Dewey Decimal Classification | Not For Loan | Central Library, University of Rajshahi | Central Library, University of Rajshahi | Reading Room | 28/08/2019 | Vidyasagar, Rajshahi | 1250.00 | B 954.9205 BAN 2013 | 19/09/2019 | C-1 | Books |